000 00958nam a22002897a 4500
001 BR7900104
003 BR-BrBNA
005 20230928085900.0
007 ta
008 230509b bl.||||| |||| 00| 0 por d
040 _aBR-BrBNA
_bpor
_cBiblioteca Nacional de Agricultura
041 _a(Por)
072 _aL34
_b6100
_b8954
_b/G514
090 _ 6100 BR7900104
100 1 _aCarvalho, E.P. de
110 1 _aEscola Superior de Agricultura de Lavras, MG (Brasil)
_0Tese (Mestrado)
245 1 _aSalmonella e outras bacterias, em racoes iniciais para frangos de corte, recuperadas sob diferentes temperaturas e meios de cultura [Brasil]
260 3 _aLavras, MG (Brasil):
_c1978.
300 _a51 p.
500 _a12 tables; Summaries (Eng, Por); Bibliography p. 43-51 (59 ref.)
650 _aRacao
650 _aFrango de corte
650 _aSalmonelose
650 _aBacteria patogenica
909 _a202309
_bLucia
_c55
_dLucia Elande
942 _cBK
999 _c26845
_d26845